00699pam a2200229 45000010005000000030006000050050017000110080039000280100013000670200035000800200023001150410013001381000028001512400033001792450086002122600037002983000030003355040041003656500015004066500015004217000033004361673OCoLC20181127163753.0940104s1994 inu b 000 0 eng a94000362 a0872202186 (pbk. : alk. paper) a0872202194 (cloth)1 aenghger1 aMarx, Karl,d1818-1883.00aSelections.lEnglish.f1994.10aSelected writings /cKarl Marx ; edited, with introduction, by Lawrence H. Simon. aIndianapolis :bHackett,cc1994. axxxviii, 346 p. ;c22 cm. aIncludes bibliographical references. 0aCommunism. 0aSocialism.10aSimon, Lawrence Hugh,d1947-